Ποιότητα ζωής στην σημερινή Ελλάδα : διερεύνηση και χαρτογράφηση των ποιοτικών και ποσοτικών της παραμέτρων : πτυχιακή εργασία

Αποθηκεύτηκε σε:
Λεπτομέρειες βιβλιογραφικής εγγραφής
Κύριος συγγραφέας: Μαρκέτου, Δήμητρα
Συγγραφή απο Οργανισμό/Αρχή: Πανεπιστήμιο Αιγαίου. Σχολή Κοινωνικών Επιστημών. Τμήμα Γεωγραφίας
Άλλοι συγγραφείς: Παπαθεοδώρου, Αγγελική, Τερκενλή, Θεανώ Σ. (Εισηγητής διατριβής)
Μορφή: Thesis Βιβλίο
Γλώσσα:Greek
Δημοσίευση: Μυτιλήνη : Πανεπιστήμιο Αιγαίου, Τμήμα Γεωγραφίας, 1998
Θέματα:
Ετικέτες: Προσθήκη ετικέτας
Δεν υπάρχουν, Καταχωρήστε ετικέτα πρώτοι!

MARC

LEADER 00000cam a2200000 i 4500
001 1/8969
008 000731s1998 gre d
035 |l 10062877 
040 |a GR-MY-UA  |b gre  |e aacr 
041 0 |a gre 
082 0 |a 306.09495  |2 (22) 
100 1 |a Μαρκέτου, Δήμητρα. 
245 1 0 |a Ποιότητα ζωής στην σημερινή Ελλάδα :  |b διερεύνηση και χαρτογράφηση των ποιοτικών και ποσοτικών της παραμέτρων : πτυχιακή εργασία /  |c Μαρκέτου Δήμητρα, Παπαθεοδώρου Αγγελική ; υπεύθυνη καθηγήτρια Θεανώ Τερκενλή 
260 |a Μυτιλήνη :   |b Πανεπιστήμιο Αιγαίου, Τμήμα Γεωγραφίας,   |c 1998 
300 |a 86 σ.;  |b χάρτες;  |c 30 εκ. 
502 |a Πτυχιακή εργασία – Πανεπιστήμιο Αιγαίου, Λέσβος, 1998. 
504 |a Περιέχει βιβλιογραφία 
650 0 0 |a Social indicators  |z Greece. 
650 0 0 |a Quality of life  |z Greece. 
650 0 0 |a Dissertations, Academic  |z Greece. 
651 0 |a Greece  |x Social conditions. 
700 1 |a Παπαθεοδώρου, Αγγελική. 
700 1 |4 ths  |a Τερκενλή, Θεανώ Σ. 
710 2 |a Πανεπιστήμιο Αιγαίου.   |b Σχολή Κοινωνικών Επιστημών.   |b Τμήμα Γεωγραφίας. 
852 |a INST  |b LESVOS  |c DIATR  |e 20000731  |h 11  |p 005100025623  |q 005100025623  |t DIE  |y 23 
852 |a INST  |b LESVOS  |c DIATR  |e 20000731  |h 12  |p 005100025622  |q 005100025622  |t DIE  |y 23 
901 |a BIBL1-2000-2 
909 |a Λ  |b 080696 
909 |a Λ  |b 080723 
924 |a Παπαθεοδώρου  |b Αγγελική  |y Λέσβος  |z 2000-07 
924 |a Μαρκέτου  |b Δήμητρα  |y Λέσβος  |z 2000-07 
970 |a Καμάτσου  |b Δέσποινα  |z 2000/07/31